000 00509nam a2200193Ia 4500
003 OSt
005 20201014095621.0
008 151021s9999 xx 000 0 und d
020 _a8122900151
040 _aMMU
_beng
_cMMU
_dMMU
050 _aDT
245 _aAfrica to 1875/
_cRobin Hallett.
260 _aDelhi :
_bSurjeet,
_c1989.
300 _axii, 483 p. :
500 _aIncludes index.
650 _a_Africa and other continents
942 _2lcc
_cLOAN LOAN
980 _a^d20110304 12:22:17^okorir
999 _c6738
_d6738